00605nam a2200169Ia 4500008004100000020001800041082001400059100002100073245002900094260005100123300003500174490002800209600002100237942000700258952015300265999001700418250611s9999 xx 000 0 und d a9780003700978 a428.6 PAS aPasternak, Boris 0aDoctor Zhivago:bLevel 6 aGreat Britain:bCollins English Library,c1978 a120p.b:includes illustrations aCollins English Library aEnglish Language cGB 00104070aUITUbUITUcGIFd2025-06-11eGifted by Mr. Anzar Alaml0o428.6 PASpG301r2025-06-11 11:30:45w2025-06-11yGBzGifted by Mr. Anzar Alam c31468d31468